000 00623nam a2200229Ia 4500
003 OSt
005 20221007074816.0
006 a|||||r|||| 00| 0
007 ta
008 221006b |||||||| |||| 00| 0 eng d
024 _a16,535
037 _cTextual
040 _aFLL
_cFLL
_beng
041 _2eng
_aeng
082 _aY:7:7.4.N6, L6
100 _aPieris R. Au.
_9693208
245 0 _aSocial development and planning in asia
260 _aNew Delhi
_bAbhinav publications India
_c1976
300 _a438p
_ccm.
942 _hY:7:7.4.N6, L6
_cTEXL
_2CC
999 _c1153756
_d1153756